000
00253nam a22001217a 4500
020
_a
0-7131-3306-6
082
_a
621.38224 CON'N
100
_a
CONNOR, F. R
_9
41478
245
_a
NOISE
260
_b
EDWARD ARNOLD
_c
1973
300
_a
104P
942
_c
BK
999
_c
583736
_d
583736